Statistiques concernant Lauréats français du prix Nobel de littérature

Cliquez ici pour prendre le quiz!

Statistiques générales

  • Ce quiz a été pris 56 fois
  • Le résultat moyen est 6 sur 15

Statistiques - réponses

annéelauréat du prix nobel% Correct
1957Albert Camus
89%
1964Jean-Paul Sartre
77%
1947André Gide
58%
2014Patrick Modiano
57%
2004J. M. G. Le Clézio
53%
1952François Mauriac
45%
1921Anatole France
30%
1901Sully Prudhomme
28%
1985Claude Simon
26%
1960Saint-John Perse
21%
1904Frédéric Mistral
19%
1915Romain Rolland
19%
1937Roger Martin du Gard
17%
1927Henri Bergson
9%
2000Gao Xingjian
8%

Distribution des résultats

Percentile par nombre de réponses

% des personnes avec chaque résultat

Votre développement - résultats

Vous n’avez pas pris ce quiz